Nová ekonomika - nové výzvy pre podniky

Koncept novej ekonomiky spojený s nástupom informačných technológií. Charakteristika novej ekonomiky. Nové prostredie pre podnikanie. Hlavné sily pôsobiace v novom ekonomickom prostredí. Rozvoj znalostí a intelektuálneho kapitálu. Funkcia informačných technológií ako stimulov pre ekonomický a sociál...

Descrizione completa

Salvato in:
Dettagli Bibliografici
Autore principale: Bažó, Ladislav, 1980-
Natura: Capitolo di libro
Lingua:slovacco
Soggetti:
Tags: Aggiungi Tag
Nessun Tag, puoi essere il primo ad aggiungerne!!

MARC

LEADER 00000naa$a2200000$$$4500
001 0049370
005 20240502071553.8
041 0 |a slo 
044 |a SK 
245 1 0 |a Nová ekonomika - nové výzvy pre podniky 
520 |a Koncept novej ekonomiky spojený s nástupom informačných technológií. Charakteristika novej ekonomiky. Nové prostredie pre podnikanie. Hlavné sily pôsobiace v novom ekonomickom prostredí. Rozvoj znalostí a intelektuálneho kapitálu. Funkcia informačných technológií ako stimulov pre ekonomický a sociálny rozvoj. Kľúčová úloha globalizácie a informačnej siete v novej ekonomike. 
610 2 0 |a ekonomika nová 
610 2 0 |a technológie informačné 
610 2 0 |a technológie komunikačné 
610 2 0 |a kapitál intelektuálny 
610 2 0 |a spoločnosť vedomostná 
610 2 0 |a konkurencieschopnosť 
610 2 0 |a globalizácia 
610 2 0 |a digitalizácia 
100 1 |a Bažó, Ladislav, 1980-